000 00643cab a2200241 4500
001 ABS55727
008 090401t1996 xxu||||| |||| 00| 0 eng d
035 _a(Sirsi) u18355
041 _aeng
100 _aHall, B.
245 _aPlanners aim for mixed use
260 _c1996
350 _a0
490 _aProperty Week
_v56(8) 23 August 1996, 17(1)
520 _aA brief overview of the revised draft PPG1 "General Policy and Principles"
650 _aDRAFT PPGS
650 _aMIXED-USE DEVELOPMENTS
650 _aPLANNING POLICY
650 _aPPG1
690 _aPLANNING LAW AND PRACTICE
942 _n0
948 _c04/03/1997
999 _c12191
_d12191